[Event "NOR-ch Blitz"]
[Site "Drammen"]
[Date "2023.01.06"]
[Round "1"]
[White "Bergersen, Kjetil J"]
[Black "Hobber, Anders"]
[Result "0-1"]
[WhiteElo "1898"]
[BlackElo "2371"]
[PlyCount "136"]
[EventDate "2023.01.06"]
[EventType "swiss (blitz)"]
[EventRounds "9"]
[EventCountry "NOR"]
[SourceTitle "CBM 212 Extra"]
[Source "ChessBase"]
[SourceDate "2023.03.31"]
[SourceVersion "1"]
[SourceVersionDate "2023.03.31"]
[SourceQuality "1"]

1. d4 d5 2. c4 c6 3. Nc3 Nf6 4. g3 Bf5 5. Bg2 e6 6. Nf3 Nbd7 7. 0-0 Be7 8. Bf4 Ne4 9. Ne5 Nxe5 10. Bxe5 Nxc3 11. bxc3 0-0 12. c5 Qa5 13. Qb3 Qa6 14. Rfe1 b6 15. cxb6 axb6 16. e4 dxe4 17. Bxe4 Bxe4 18. Rxe4 b5 19. Re2 Ra7 20. Rc1 Rb7 21. Rcc2 h6 22. Bf4 Rd8 23. Be3 Bf6 24. Rb2 Rbd7 25. Rbd2 Ra8 26. Rb2 Rd5 27. Rec2 Rad8 28. Re2 h5 29. h4 Qc8 30. Kg2 Qd7 31. a4 bxa4 32. Qxa4 Rb5 33. Rxb5 cxb5 34. Qb3 Qc6+ 35. Kg1 Ra8 36. Re1 Rb8 37. Rb1 Qe4 38. Qd1 g6 39. Rb4 Be7 40. Rb3 Qd5 41. Qb1 Qc4 42. Bd2 Bd6 43. Be3 Qe2 44. Qf1 Qf3 45. Rxb5 Rc8 46. Rb2 Bxg3 47. Qg2 Qd1+ 48. Qf1 Qg4 49. Qg2 Bxh4 50. Qxg4 hxg4 51. Rc2 Rc4 52. Bf4 Be7 53. Be5 f6 54. Bg3 Bb4 55. f3 gxf3 56. Be1 Bd6 57. Kf2 f5 58. Kxf3 g5 59. Rg2 g4+ 60. Ke3 Kf7 61. Kd3 Ra4 62. Bg3 Bxg3 63. Rxg3 Kf6 64. Re3 f4 65. Re4 Kg5 66. d5 Rxe4 67. Kxe4 exd5+ 68. Kxd5 f3 0-1

[Event "NOR-ch Blitz"]
[Site "Drammen"]
[Date "2023.01.06"]
[Round "2"]
[White "Hobber, Anders"]
[Black "Kizatbay, Abyl"]
[Result "1-0"]
[WhiteElo "2371"]
[BlackElo "2148"]
[PlyCount "79"]
[EventDate "2023.01.06"]
[EventType "swiss (blitz)"]
[EventRounds "9"]
[EventCountry "NOR"]
[SourceTitle "CBM 212 Extra"]
[Source "ChessBase"]
[SourceDate "2023.03.31"]
[SourceVersion "1"]
[SourceVersionDate "2023.03.31"]
[SourceQuality "1"]

1. d4 Nf6 2. Nf3 g6 3. c3 Bg7 4. Bf4 d6 5. h3 0-0 6. e3 Nbd7 7. Bh2 b6 8. a4 a6 9. Be2 Bb7 10. 0-0 Re8 11. Nfd2 e5 12. Bf3 e4 13. Be2 Nf8 14. c4 h5 15. a5 N8h7 16. Nc3 h4 17. b4 Ng5 18. Re1 Bc8 19. Bf1 Bf5 20. axb6 cxb6 21. Bf4 Nh5 22. Bxg5 Qxg5 23. Kh1 Kh7 24. Nd5 Qd8 25. Qa4 Bd7 26. Qc2 f5 27. c5 dxc5 28. bxc5 bxc5 29. Qxc5 Rc8 30. Qb6 Rc2 31. Red1 Qg5 32. Qd6 Bc6 33. Nb4 Bf8 34. Qc7+ Re7 35. Qd8 Bb7 36. Nxc2 f4 37. Qxf8 f3 38. Ra5 Ng3+ 39. fxg3 fxg2+ 40. Bxg2 1-0

[Event "NOR-ch Blitz"]
[Site "Drammen"]
[Date "2023.01.06"]
[Round "8"]
[White "Hobber, Anders"]
[Black "Mihajlov, Sebastian"]
[Result "1/2-1/2"]
[WhiteElo "2371"]
[BlackElo "2375"]
[PlyCount "64"]
[EventDate "2023.01.06"]
[EventType "swiss (blitz)"]
[EventRounds "9"]
[EventCountry "NOR"]
[SourceTitle "CBM 212 Extra"]
[Source "ChessBase"]
[SourceDate "2023.03.31"]
[SourceVersion "1"]
[SourceVersionDate "2023.03.31"]
[SourceQuality "1"]

1. d4 d5 2. Nf3 Nf6 3. c3 Bf5 4. Qb3 Qc8 5. c4 e6 6. Nc3 c6 7. Bf4 dxc4 8. Qxc4 b5 9. Qb3 a5 10. a4 b4 11. Nd1 Be7 12. Rc1 0-0 13. Ne3 Be4 14. Nc4 Nd5 15. Bg3 Bxf3 16. gxf3 Rd8 17. e3 Nd7 18. Bd3 Qb7 19. Qc2 h6 20. 0-0 c5 21. Bh7+ Kh8 22. dxc5 Nxc5 23. Ne5 Bf8 24. Be4 b3 25. Qc4 Nxe4 26. Qxe4 Kg8 27. Rc4 f5 28. Qh4 Nb4 29. Qh5 Rac8 30. Qg6 Qe7 31. Bh4 Qe8 32. Bxd8 Qxg6+ 1/2-1/2

[Event "NOR-chT Elite 2122"]
[Site "Norway"]
[Date "2022.02.04"]
[Round "4.1"]
[White "Hobber, Anders"]
[Black "Aulin Jansson, Joran"]
[Result "1/2-1/2"]
[WhiteElo "2385"]
[BlackElo "2215"]
[PlyCount "63"]
[EventDate "2021.10.28"]
[EventType "team-tourn"]
[EventRounds "9"]
[EventCountry "NOR"]
[SourceTitle "EXT 2023"]
[Source "ChessBase"]
[SourceDate "2022.10.05"]
[SourceVersion "1"]
[SourceVersionDate "2022.10.05"]
[SourceQuality "1"]
[WhiteTeam "Valerenga"]
[BlackTeam "Asker"]
[WhiteTeamCountry "NOR"]
[BlackTeamCountry "NOR"]

1. d4 c5 2. c3 Nf6 3. Nf3 cxd4 4. cxd4 d5 5. Nc3 Nc6 6. Bf4 Qb6 7. Na4 Qa5+ 8. Bd2 Qc7 9. Rc1 Bf5 10. e3 e6 11. Ne5 Nd7 12. Nxd7 Qxd7 13. Bb5 Rc8 14. 0-0 Bd6 15. Nc5 Qe7 16. Qa4 0-0 17. Qb3 Nb8 18. Bd3 b6 19. Bxf5 bxc5 20. dxc5 Rxc5 21. Rxc5 Bxc5 22. Bd3 Nd7 23. Rc1 f5 24. Qa4 Nb6 25. Qb5 Nd7 26. Qa6 Bb6 27. b4 Ne5 28. Be2 Rd8 29. Rc8 Kf7 30. Rxd8 Qxd8 31. Qb7+ Qc7 32. Qxc7+ 1/2-1/2

[Event "Fagernes op"]
[Site "Fagernes"]
[Date "2020.10.05"]
[Round "2"]
[White "Postny, Evgeny"]
[Black "Hobber, Anders"]
[Result "1/2-1/2"]
[WhiteElo "2603"]
[BlackElo "2386"]
[PlyCount "85"]
[EventDate "2020.10.04"]
[EventType "swiss"]
[EventRounds "9"]
[EventCountry "NOR"]
[SourceTitle "EXT 2022"]
[Source "ChessBase"]
[SourceDate "2021.10.06"]
[SourceVersion "1"]
[SourceVersionDate "2021.10.06"]
[SourceQuality "1"]

1. d4 d5 2. c4 c6 3. Nf3 Nf6 4. g3 g6 5. Bg2 Bg7 6. 0-0 0-0 7. Nc3 dxc4 8. a4 a5 9. h3 Na6 10. e4 Nb4 11. Qe2 b6 12. Rd1 Ba6 13. Ne5 Ne8 14. Be3 Nd6 15. h4 Qc7 16. h5 c5 17. hxg6 hxg6 18. Ng4 cxd4 19. Bxd4 Bxd4 20. Rxd4 Rad8 21. Rad1 Bc8 22. e5 Nf5 23. Rxc4 Rxd1+ 24. Nxd1 Qd8 25. Nc3 Be6 26. Rf4 Qd3 27. Qe1 Rd8 28. Be4 Qd2 29. Qa1 Nd3 30. Bxd3 Rxd3 31. Ne4 Qc2 32. Kh2 Rd1 33. Qa3 Qb1 34. Qf3 Rd3 35. Nef6+ exf6 36. Qa8+ Kg7 37. exf6+ Kh7 38. Rxf5 Rd1 39. Ne3 Bxf5 40. Nxd1 Qxd1 41. Qf8 Qh5+ 42. Kg1 Qd1+ 43. Kh2 1/2-1/2

[Event "Helsingor Xtracon op"]
[Site "Helsingor"]
[Date "2019.07.26"]
[Round "8"]
[White "Hauge, Lars Oskar"]
[Black "Hobber, Anders"]
[Result "1/2-1/2"]
[WhiteElo "2476"]
[BlackElo "2294"]
[PlyCount "169"]
[EventDate "2019.07.20"]
[EventType "swiss"]
[EventRounds "10"]
[EventCountry "DEN"]
[SourceTitle "CBM 191 Extra"]
[Source "ChessBase"]
[SourceDate "2019.09.30"]
[SourceVersion "1"]
[SourceVersionDate "2019.09.30"]
[SourceQuality "1"]

1. e4 e6 2. Qe2 c5 3. g3 Nc6 4. Nf3 d6 5. Bg2 Nf6 6. 0-0 Be7 7. Rd1 0-0 8. d4 cxd4 9. Nxd4 Nxd4 10. Rxd4 Bd7 11. c4 Qc7 12. Be3 Ng4 13. Qxg4 e5 14. Qe2 exd4 15. Bxd4 Rac8 16. b3 Qd8 17. Qb2 Bf6 18. Bxf6 Qxf6 19. Qxf6 gxf6 20. a4 Rc5 21. Nc3 Bc6 22. g4 a6 23. Rd1 Rd8 24. Bf1 h5 25. h3 hxg4 26. hxg4 Re5 27. f3 a5 28. Kf2 Kf8 29. Bd3 Ree8 30. Ne2 Ke7 31. Ng3 Bd7 32. Be2 Be6 33. Nh5 Rh8 34. f4 Rdg8 35. f5 Bd7 36. Ke3 Bc6 37. Kf4 Rh6 38. Bf3 Rhh8 39. Rh1 Bd7 40. Rh2 Bc6 41. Rd2 Rd8 42. Be2 Rdg8 43. Rd3 Rd8 44. Re3 Rdg8 45. Bf3 Rd8 46. Re1 Rc8 47. Ke3 Rhg8 48. Rc1 Bd7 49. Be2 Bc6 50. Rc3 Bd7 51. Kd4 Bc6 52. Rh3 Rcd8 53. Re3 Rc8 54. Bd1 Bd7 55. Kc3 Bc6 56. Kb2 Bd7 57. Be2 Bc6 58. Kc2 Bd7 59. Kd2 Bc6 60. Ke1 Bd7 61. Kf2 Bc6 62. Kg3 Bd7 63. Bf1 Bc6 64. Bg2 Rcd8 65. Re1 Rc8 66. Nf4 Rh8 67. Rd1 Rcd8 68. Ne2 Rc8 69. Nc3 Rcd8 70. Rd2 Rc8 71. Ne2 Rhg8 72. Kf4 Rh8 73. Nd4 Rcd8 74. Nf3 Rc8 75. Rd1 Rcd8 76. Rg1 Rdg8 77. Bf1 Rg7 78. Bg2 Rhg8 79. Bh3 Rh8 80. Rg3 Rhg8 81. Nd4 Bd7 82. Rc3 Rc8 83. Nc2 Rh7 84. Ne3 Bc6 85. Bg2 1/2-1/2

[Event "Helsingor Xtracon op"]
[Site "Helsingor"]
[Date "2019.07.22"]
[Round "4"]
[White "Christiansen, Johan Sebastian"]
[Black "Hobber, Anders"]
[Result "1-0"]
[WhiteElo "2548"]
[BlackElo "2294"]
[PlyCount "139"]
[EventDate "2019.07.20"]
[EventType "swiss"]
[EventRounds "10"]
[EventCountry "DEN"]
[SourceTitle "CBM 191 Extra"]
[Source "ChessBase"]
[SourceDate "2019.09.30"]
[SourceVersion "1"]
[SourceVersionDate "2019.09.30"]
[SourceQuality "1"]

1. c4 e6 2. g3 d5 3. Bg2 Nf6 4. d4 Bb4+ 5. Nd2 0-0 6. Ngf3 c6 7. 0-0 b6 8. Qc2 a5 9. Rd1 Ba6 10. b3 Nbd7 11. Bb2 Rc8 12. e4 Be7 13. Rac1 Bb7 14. Qb1 a4 15. bxa4 Ra8 16. cxd5 cxd5 17. e5 Ne8 18. Qc2 Nb8 19. Bf1 Nc6 20. Bb5 Na5 21. Bc3 Rc8 22. Qb1 Nc4 23. Bb4 Nc7 24. Qb3 Nxb5 25. axb5 Bxb4 26. Qxb4 f6 27. Re1 fxe5 28. Nxe5 Nxe5 29. Rxc8 Qxc8 30. Rxe5 Qc2 31. a3 Bc8 32. Kg2 Bd7 33. a4 Be8 34. h4 h6 35. h5 Qd1 36. Qc3 Qxa4 37. Rxe6 Bxh5 38. Rxb6 Qd1 39. Qe3 Bg4 40. Rg6 Bf5 41. Rc6 Bd7 42. Rc7 Bxb5 43. Re7 Kh8 44. Rb7 Bc4 45. Rb1 Qc2 46. Ra1 Bd3 47. Kg1 Bg6 48. Nf3 Be4 49. Ne5 Rb8 50. Qe1 Qb2 51. Rd1 Rf8 52. Qe3 Qc2 53. Rf1 Qc8 54. Kh2 Qc2 55. Kg1 Qc8 56. f3 Bh7 57. Kg2 Qc2+ 58. Rf2 Qd1 59. g4 Qb1 60. Re2 Qd1 61. Re1 Qc2+ 62. Kg3 Qb2 63. Rc1 Qb7 64. Rc5 Kg8 65. Nc6 Qc7+ 66. Qe5 Qb7 67. Qe6+ Kh8 68. Qe7 Qa8 69. Ne5 Re8 70. Qd7 1-0

[Event "Helsingor Xtracon op"]
[Site "Helsingor"]
[Date "2019.07.21"]
[Round "3"]
[White "Hobber, Anders"]
[Black "Maze, Sebastien"]
[Result "1-0"]
[WhiteElo "2294"]
[BlackElo "2565"]
[PlyCount "49"]
[EventDate "2019.07.20"]
[EventType "swiss"]
[EventRounds "10"]
[EventCountry "DEN"]
[SourceTitle "CBM 191 Extra"]
[Source "ChessBase"]
[SourceDate "2019.09.30"]
[SourceVersion "1"]
[SourceVersionDate "2019.09.30"]
[SourceQuality "1"]

1. d4 Nf6 2. Nf3 b6 3. Bg5 Bb7 4. e3 e6 5. Nbd2 d6 6. Bd3 h6 7. Bxf6 Qxf6 8. 0-0 Nd7 9. Qe2 a6 10. e4 Qd8 11. e5 Be7 12. Rad1 0-0 13. c3 Re8 14. Rfe1 Bf8 15. Ne4 d5 16. Ng3 g6 17. h4 Bg7 18. h5 g5 19. Nh2 f5 20. exf6 Qxf6 21. Bg6 a5 22. Bxe8 Rxe8 23. Qc2 c5 24. Ng4 Qf7 25. Rd3 1-0